Statystyki dla Najlepsi zawodnicy finałów Ligi Mistrzów.

Kliknij tutaj aby rozwiązać quiz!

Ogólne statystyki

  • Ten quiz został rozwiązany 119 razy
  • Średni wynik to 12 z 22

Statystyki odpowiedzi

RokDrużyny i wynik finałuZawodnik% Poprawnych
2017Juventus 1:4 Real MadrytCristiano Ronaldo
98%
2011Barcelona 3:1 Manchester UnitedLionel Messi
97%
2018Real Madryt 3:1 LiverpoolGareth Bale
75%
2016Real Madryt (5)1:1(3) Atletico MadrytSergio Ramos
73%
2013Borussia Dortmund 1:2 Bayern MonachiumArjen Robben
68%
2012Bayern Monachium (3)1:1(4) ChelseaDidier Drogba
68%
2020PSG 0:1 Bayern MonachiumKingsley Coman
66%
2022Liverpool 0:1 Real MadrytThibaut Courtois
57%
2015Juventus 1:3 BarcelonaAndres Iniesta
56%
2002Bayer Leverkusen 1:2 Real MadrytZinedine Zidane
55%
2005AC Milan (2)3:3(3) LiverpoolSteven Gerrard
53%
2010Bayern Monachium 0:2 InterDiego Milito
50%
2009Barcelona 2:0 Manchester UnitedXavi
49%
2021Manchester City 0:1 ChelseaN'Golo Kante
45%
2019Tottenham Hotspur 0:2 LiveproolVirgil van Dijk
45%
2006Barcelona 2:1 ArsenalSamuel Eto'o
43%
2008Manchester United (6)1:1(5) ChelseaEdwin van der Sar
40%
2001Bayern Monachium (5)1:1(4) ValenciaOliver Kahn
40%
2004Monaco 0:3 FC PortoDeco
37%
2003Juventus (2)0:0(3) AC MilanPaolo Maldini
37%
2007AC Milan 2:1 LiverpoolFilippo Inzaghi
35%
2014Real Madryt 4:1 Atletico MadrytAngel Di Maria
31%

Rozkład punktacji

Percentyl według liczby udzielonych odpowiedzi

Procent ludzi z każdym wynikiem

Twoja historia wyników

Nie rozwiązałeś tego quizu